000 00408 a2200121 4500
001 57684
090 _c35365
_d35365
245 _aElectrical circuits; ohms law 17min [DVD video]
260 _aPrinceton NJ 08543
_bFilms media group
_c2006
490 _aelectricity and electronics
500 _aCD/DVD VIDEO
600 _alinks: films for the huminities & sciences ; cambridge educational ; meridian education
942 _aNUST-CAE
_k80282
999 _c292757
_d292757